| 000 | 00369nam a22001337a 4500 | ||
|---|---|---|---|
| 020 | _a9788120306998 | ||
| 040 | _cnust | ||
| 082 |
_2Third Edition _a621.38132 _bLIA |
||
| 100 |
_aLiao. Y Samuel _9122600 |
||
| 245 | _aMicrowave Devices and Circuits | ||
| 260 |
_aNew Delhi: _bAsoke K. Ghosh, _c2004. |
||
| 650 |
_aMicrowave Devices and Circuits _991815 |
||
| 942 |
_2ddc _cBK |
||
| 999 |
_c609058 _d609058 |
||